| 000 | 01483nam a22003737a 4500 | ||
|---|---|---|---|
| 003 | CHAP | ||
| 005 | 20220329143929.0 | ||
| 008 | 060912s2012 mx r 00010 spa d | ||
| 010 | _a103870 | ||
| 011 | _a104842 | ||
| 035 | _a115532 | ||
| 040 | _cCHAP | ||
| 090 | _aTesis | ||
| 100 | 1 |
_aCrispín Fuentes, Leticia. _928979 |
|
| 245 | 1 | 0 |
_aProceso organizativo de la integradora de piloncillo en la Huasteca Potosina _h[En línea] _c/por Leticia Crispín Fuentes |
| 260 |
_aChapingo, Méx. : _bEl autor, _c2012 |
||
| 500 | _aPara ver el contenido del material haga clic en la liga | ||
| 502 | _aTesis (M.C. en Desarrollo Rural Regional) -- UACH. Dirección de Centros Regionales Universitarios | ||
| 590 |
_aALEPH _b10 _c20130110 _lUCH01 _h1546 |
||
| 590 |
_aBATCH-UPD _b10 _c20130110 _lUCH01 _h1103 |
||
| 590 |
_aBATCH-UPD _b10 _c20130410 _lUCH01 _h0656 |
||
| 590 |
_aBATCH-UPD _b10 _c20130914 _lUCH01 _h0838 |
||
| 590 |
_aBATCH-UPD _b10 _c20140324 _lUCH01 _h1534 |
||
| 590 |
_aBATCH-UPD _b10 _c20141002 _lUCH01 _h0855 |
||
| 590 |
_aCONVERSION _b10 _c20130109 _lUCH01 _h1357 |
||
| 650 | 1 | 4 |
_aCaña de azúcar _xSubproductos _zSan Luis Potosi. _918649 |
| 650 | 1 | 4 |
_aPiloncillo _xCalidad. _988079 |
| 650 | 1 | 4 |
_aPiloncillo _xMercadeo. _988080 |
| 856 |
_3Finding aid _uhttp://10.13.5.2/tesis/115532.pdf _zTeclea aqui |
||
| 901 | _aBK | ||
| 942 | _cFOLL | ||
| 949 |
_aTesis _bBC _cTES _d33724002348587 _eTS2 _fc.2 _h53969 _i115532 _st |
||
| 949 |
_aTesis _bBC _cTES _d33724002348629 _eTS1 _h53968 _i115532 _st |
||
| 999 |
_c103870 _d103870 |
||